Catalog

Record Details

Catalog Search



Glaubenshilfe als Lebenshilfe : Probleme und Chancen heutiger Seelsorge Cover Image Book Book

Glaubenshilfe als Lebenshilfe : Probleme und Chancen heutiger Seelsorge Helmut Tacke

Tacke, Helmut (Author).

Record details

  • ISBN: 3-7887-0601-5
  • Physical Description: 304 S.
  • Edition: 2. Aufl.
  • Publisher: Neukirchen-Vluyn Neukirchener Verlag 1979

Available copies

  • 1 of 1 copy available at Common Catalog SPOK.

Holds

  • 0 current holds with 1 total copy.
Show All Copies
Location Call Number / Copy Notes Barcode Shelving Location Status Due Date
ETS Library 253.5 424470001532 Volný výběr Available -

LDR 00742nam a2 00253
00141622
003CZ-PrJAB
00520030324000000.0
008010801s1979 xr e |||| |ger
009ge
020 . ‡a3-7887-0601-5
035 . ‡a(CONS)3186
035 . ‡aKPS9026
040 . ‡aABG450
041 . ‡ager
08214. ‡a253.5
100 . ‡73920 ‡aTacke, Helmut
245 . ‡aGlaubenshilfe als Lebenshilfe : ‡bProbleme und Chancen heutiger Seelsorge ‡cHelmut Tacke
250 . ‡a2. Aufl.
260 . ‡aNeukirchen-Vluyn ‡bNeukirchener Verlag ‡c1979
300 . ‡a304 S.
653 . ‡aGlaubenshilfe als Lebenshilfe ‡aProbleme und Chancen heutiger Seelsorge
8524 . ‡bETS ‡bETS ‡cVolný výběr ‡j253.5 ‡gA ‡p424470001532
910 . ‡aABG450
999 . ‡a3186 ‡bAUTOGEN ‡c3186 ‡tbiblio
905 . ‡uadmin
901 . ‡a41622 ‡b ‡c41622 ‡tbiblio ‡sets

Additional Resources